000 00425nam a2200181Ia 4500
008 210210b1898 xxu||||| |||| 00| 0 eng d
041 _aeng
082 _a940/115
100 _aHASSAL (A)
245 _aHandbook of European history
260 _aLondon
_bMacmillan & Co. Ltd.
_c1898
650 _aof
650 _ahistory
650 _aHandbook
650 _aEuropean
690 _aEuropean History
906 _a025184
999 _c151032
_d151032